Люминесценция и радиационная деградация кристаллов фторида лития с примесями металлов: диссертация на соискание учёной степени кандидата физико-математических наук; спец. 1.3.8

Podrobná bibliografie
Hlavní autor: Гэ Гуанхуэй
Korporativní autor: Национальный исследовательский Томский политехнический университет
Další autoři: Корепанов В. И. Владимир Иванович (научный руководитель)
Shrnutí:Заглавие с титульного экрана
Электронная версия печатной публикации
Защита сост. 27.12.2023
Текстовый файл
Jazyk:ruština
Vydáno: Томск, 2023
Témata:
On-line přístup:https://earchive.tpu.ru/handle/11683/77111
Médium: Elektronický zdroj Kniha
KOHA link:https://koha.lib.tpu.ru/cgi-bin/koha/opac-detail.pl?biblionumber=379616

MARC

LEADER 00000nam0a2200000 4500
001 379616
005 20231219095401.0
035 |a (RuTPU)RU\TPU\retro\37083 
035 |a RU\TPU\retro\37082 
090 |a 379616 
100 |a 20231025d2023 k||y0rusy50 ca 
101 0 |a rus 
102 |a RU 
105 |a a m 000yy 
135 |a drcn ---uucaa 
181 0 |a i   |b  e  
182 0 |a b 
183 0 |a cr  |2 RDAcarrier 
200 1 |a Люминесценция и радиационная деградация кристаллов фторида лития с примесями металлов  |e диссертация на соискание учёной степени кандидата физико-математических наук  |e спец. 1.3.8  |f Гэ Гуанхуэй  |g Национальный исследовательский Томский политехнический университет ; науч. рук. В. И. Корепанов 
203 |a Текст  |c электронный  |b визуальный 
210 |a Томск  |d 2023 
215 |a 1 файл (6 224 КБ) 
283 |a online_resource  |2 RDAcarrier 
300 |a Заглавие с титульного экрана 
300 |a Электронная версия печатной публикации 
300 |a Защита сост. 27.12.2023 
336 |a Текстовый файл 
606 1 |a Кристаллы  |x Люминесценция  |2 stltpush  |3 (RuTPU)RU\TPU\subj\16355  |9 42445 
606 1 |a Кристаллы  |x Дефекты точечные  |2 stltpush  |3 (RuTPU)RU\TPU\subj\16365  |9 42448 
610 1 |a электронный ресурс 
610 1 |a диссертации 
610 1 |a люминесценция 
610 1 |a кристаллы 
610 1 |a фториды лития 
610 1 |a примеси 
610 1 |a оксиды металлов 
610 1 |a вольфрам 
610 1 |a титан 
610 1 |a железо 
610 1 |a фотолюминенценция 
610 1 |a катодолюминесценция 
610 1 |a центры свечения 
610 1 |a центры окраски 
610 1 |a радиационная деградация 
610 1 |a облучение электронами 
675 |a 548.0:535(04)  |v 3 
675 |a 548.4(04)  |v 3 
686 |a 01.04.07  |2 oksvnk 
700 0 |a Гэ Гуанхуэй 
702 1 |a Корепанов  |b В. И.  |c специалист в области светотехники  |c профессор Томского политехнического университета, доктор физико-математических наук  |f 1947-  |g Владимир Иванович  |3 (RuTPU)RU\TPU\pers\26561  |4 727  |9 12250 
712 0 2 |a Национальный исследовательский Томский политехнический университет  |c (2009- )  |3 (RuTPU)RU\TPU\col\15902  |9 26305 
801 2 |a RU  |b 63413507  |c 20231025  |g RCR 
856 4 |u https://earchive.tpu.ru/handle/11683/77111  |z https://earchive.tpu.ru/handle/11683/77111 
942 |c CF